Central Library OPAC University of Rajshahi

A short history of Ireland / (Record no. 24495)

MARC details
000 -LEADER
fixed length control field 00746nam a22002412i 4500
001 - CONTROL NUMBER
control field 24495
003 - CONTROL NUMBER IDENTIFIER
rucl marc code BD-RjUL
005 - DATE AND TIME OF LATEST TRANSACTION
control field 20211209001047.0
008 - FIXED-LENGTH DATA ELEMENTS--GENERAL INFORMATION
fixed length control field 140313r1952 enka 001 0 eng d
035 ## - SYSTEM CONTROL NUMBER
System control number (BD-RjUL)24562
040 ## - CATALOGING SOURCE
Original cataloging agency EYP
Transcribing agency EYP
Modifying agency BD-RjUL
Language of cataloging eng
041 ## - LANGUAGE CODE
Language code of text/sound track or separate title eng
082 ## - DEWEY DECIMAL CLASSIFICATION NUMBER
Classification number 941.5
Author mark and year CLS 1952
100 1# - MAIN ENTRY--PERSONAL NAME
Personal name Clarke, Randall.
9 (RLIN) 75410
245 12 - TITLE STATEMENT
Title A short history of Ireland /
Statement of responsibility, etc. by Randall Clarke
260 ## - PUBLICATION, DISTRIBUTION, ETC. (IMPRINT)
Place of publication, distribution, etc. London :
Name of publisher, distributor, etc. University Tutorial Press,
Date of publication, distribution, etc. 1941 [Reprinted 1952]
300 ## - PHYSICAL DESCRIPTION
Pagination 99 p. :
Illustrations ill. ;
Size 19 cm
500 ## - GENERAL NOTE
General note Includes index.
505 0# - FORMATTED CONTENTS NOTE
Formatted contents note pt. 1. From the earliest times to 1485.--pt. 2. From 1485 to the present day
650 ## - SUBJECT ADDED ENTRY--TOPICAL TERM
Topical term or geographic name as entry element Ireland History
9 (RLIN) 75411
651 #0 - SUBJECT ADDED ENTRY--GEOGRAPHIC NAME
Geographic name Ireland
General subdivision History
9 (RLIN) 75412
942 ## - ADDED ENTRY ELEMENTS (KOHA)
Source of classification or shelving scheme Dewey Decimal Classification
Koha item type Books
Holdings
Lost status Source of classification or shelving scheme Damaged status Not for loan Collection code Permanent Location Current Location Shelving location Date acquired Source of acquisition Cost, normal purchase price Total Checkouts Full call number Date last seen Copy number Koha item type
  Dewey Decimal Classification   Added to bundle Non-fiction Central Library, University of Rajshahi Central Library, University of Rajshahi Reading Room 01/08/1955 O.U.P. 14.00   941.07 CLS 1952 13/03/2014 C-1 Books